Rights before Courts : A Study of Constitutional Courts in Postcommunist States of Central and Eastern Europe /

Salvato in:
Dettagli Bibliografici
Autore principale: Sadurski, Wojciech (autor)
Natura: Libro
Lingua:inglese
Pubblicazione: Dordrecht, Holanda : Springer, 2014, c2014
Edizione:2a edición
Soggetti:
Accesso online:Ver documento en línea
Tags: Aggiungi Tag
Nessun Tag, puoi essere il primo ad aggiungerne!!

MARC

LEADER 00000nam^a2200000^a^4500
001 000420597
005 20251023000000.0
009 20260310122514.346
020 |a 978-94-017-8935-6 
037 |a Acervo ITESO - Biblioteca 
041 |a ING 
082 |a 342. 400269  |b SAD 
100 |a Sadurski, Wojciech  |e (autor) 
245 1 0 |a Rights before Courts :  |b A Study of Constitutional Courts in Postcommunist States of Central and Eastern Europe /  |c W. Sadurski. 
250 |a 2a edición 
264 4 |a Dordrecht, Holanda :  |b Springer,  |c 2014, c2014 
264 2 |a Cham, Suiza :  |b Springer Link [distribución],  |c 2014 
300 |a 1 libro electrónico en línea (XX, 455 p.) 
300 |a 1 recurso en línea 
336 |a datos para computadora  |b cod  |2 rdacontenido 
337 |a computadora  |b c  |2 rdamedio 
338 |a recurso en línea  |b cr  |2 rdasoporte 
506 0 |a Licencias ilimitadas 
649 |a XX 
650 |a Tribunales Constitucionales -  |z Europa Central -  |x Tema Principal 
650 |a Tribunales Constitucionales -  |z Europa Oriental -  |x Tema Principal 
650 |a Derecho Procesal Constitucional -  |z Europa Central 
650 |a Derecho Procesal Constitucional -  |z Europa Oriental 
650 |a Derecho Constitucional -  |z Europa Central 
650 |a Derecho Constitucional -  |z Europa Oriental 
650 |a Derecho Público -  |z Europa Central 
650 |a Derecho Público -  |z Europa Oriental 
650 |a Europa -  |x Condiciones Jurídicas 
856 4 0 |u https://link-springer-com.ezproxy.iteso.mx/10.1007/978-94-017-8935-6  |y Ver documento en línea 
910 |a Fondo General 
920 |a Electrónicos - Libros en Línea 
930 |a Plataforma Digital 
905 |a 205 
901 |a 420597-1  |b IT2  |c EBO  |i C172346  |u 20250521 
902 |a https://opac.biblio.iteso.mx/vufind/Record/000420597